Missing Word: Ron Howard Quiz Stats

Quiz Updated Sep 25, 2014

Challenge
Share
Tweet
Embed
Score 0/16 Timer 02:00
0 Plays Today
% Correct
Code
99.6%
Grinch
98.3%
Demons
94.9%
Dennis
91.7%
Arrested
90.7%
Mind
87.2%
Happy
85.9%
Shirley
83.6%
% Correct
Away
82.7%
Griffith
82.6%
Apollo
82.5%
Pyle
66.3%
Man
62.4%
Boone
52.7%
Gentle
42.7%
Gung
37.5%

Today's Daily Dose

Missing Word
Fruity Song Titles

Quick Pick
Double Blanks

On This Day
June 22nd II

You're not logged in!

Compare scores with friends on all Sporcle quizzes.
Join for Free
OR
Log In

You Might Also Like...

Show Comments

Extras

Top Quizzes Today


Score Distribution

Your Account Isn't Verified!

In order to create a playlist on Sporcle, you need to verify the email address you used during registration. Go to your Sporcle Settings to finish the process.

Report this User

Report this user for behavior that violates our Community Guidelines.

Details: